000 01009nam a2200301 i 4500
003 EG-GICUC
005 20260218204436.0
008 260218s1979 sw ||||fr|||| 00| 0 eng d
020 _a9122002987
040 _aEG-GiCUC
_beng
_cEG-GiCUC
_dEG-GiCUC
_eRda
082 0 4 _221
_a341
_bAH . I
092 0 4 _221
099 _aLaw1 11 341 AH . I 1979
100 1 _aAhmed M. Rifaat
_eAuthor.
245 1 0 _aInternational Aggression :
_bA Study of the Legal Concept: Its Development and Definition in International Law /
_cAhmed M. Rifaat.
_n
264 1 _aStockholm :
_bAlmqvist & Wiksell International,
_c1979.
300 _a355page :
_billustration ;
_c 24 cm.
336 _2rda contenu
_a texte
337 _2rda medias
_aOrdinateur
338 _2 transporteur rda
_a Ressource en ligne
504 _a
546 _aText in English
650 1 4 _aPublic international law
_2
651 1 _2
856 4 0 _uhttps://fll.law.cu.edu.eg/fulltext/bks/B11-07904.pdf
905 _a50
942 _2ddc
_cBK
_e21
_n0
999 _c63705
_d63705